[Event "WJCC U20 Open 2019"]
[Site "New Delhi"]
[Date "2019.10.24"]
[Round "10.41"]
[White "Zrikem, Nassim"]
[Black "Aravena Navarro, Alexis Andres"]
[Result "1-0"]
[WhiteElo "2125"]
[BlackElo "2023"]
[Annotator "TA"]
[PlyCount "81"]
[EventDate "2019.10.15"]
[EventType "swiss"]
[EventCountry "IND"]
[SourceTitle "playchess.com"]
[Source "ChessBase"]
[SourceQuality "1"]

{[%evp 15,87,0,2,0,-5,-49,-16,-19,12,0,39,10,72,0,0,12,9,0,41,24,177,27,35,11,65,0,93,56,329,229,352,240,455,372,655,544,1458,1416,1958,671,668,658,639,623,588,487,483,393,374,352,535,512,966,944,833,743,710,743,731,735,1032,968,1857,1714,1856,1866,29973,29974,29974,29974,29975,29976,5616,5032]} 1. d4 Nf6 2. Nf3 g6 3. Bg5 Bg7 4. Nbd2 O-O 5. e4 d6 6. c3 c5 7. dxc5 dxc5 8. Bc4 Nc6 9. a4 {A48: 1 d4 Nf6 2 Nf3 g6: Torre, London and Colle Systems} (9. Qe2 Qc7 10. O-O h6 11. Bxf6 Bxf6 12. Qe3 Bg7 13. Qxc5 b6 14. Qe3 Bb7 15. Rfd1 e6 16. Be2 Rfd8 17. Nf1 a6 18. h4 b5 19. N1h2 Rxd1+ 20. Rxd1 {1-0 (35) Harikrishna,P (2744)-Duda,J (2717) Riadh 2017}) 9... h6 10. Bh4 Na5 $146 ({Predecessor:} 10... Ng4 11. O-O Nge5 12. Nxe5 Nxe5 13. Be2 h5 14. Nc4 Qc7 15. a5 Be6 16. Qa4 Bd7 17. Qb3 Be6 18. Qa4 Bd7 19. Qb3 Be6 {½-½ (19) Peelen,P (2303)-Tadevosyan,G (1864) Barcelona 2014}) 11. Ba2 {The position is equal.} b6 12. O-O Ba6 13. Re1 {Bxf6 is the strong threat.} (13. e5 {keeps more tension.} Nh5 14. Re1 Nc6 15. Re4 Bd3 16. Re3) 13... c4 (13... Nh5 $11) 14. Bxf6 (14. e5 $16 Nd5 15. Bg3) 14... exf6 $11 15. Nd4 Rc8 16. f4 Rc5 17. f5 Qd7 $2 {[#]} (17... Qc8 $11) 18. Qg4 (18. fxg6 $1 $18 Rd8 19. Qe2) 18... g5 19. h4 Re8 (19... Rd8 $11) 20. Bb1 ({White should play} 20. N2f3 $14) 20... Bf8 (20... Nc6 $11 21. N2f3 Ne5 22. Nxe5 fxe5) 21. Bc2 Nb7 $2 {[%mdl 8192]} (21... Nc6 $14 22. Nxc6 Qxc6) 22. N2f3 $18 Bg7 (22... Qd6 $142 23. hxg5 hxg5) 23. Rad1 Qc8 $2 (23... Qc7 {was worth a try.} 24. e5 (24. hxg5 hxg5 25. e5 Rexe5 $16) 24... Rexe5) 24. Qh5 Qc7 $2 (24... gxh4 25. Qxh4 Ra5) 25. hxg5 hxg5 {[#]} 26. Ne6 $1 {[%mdl 576] Double Attack, Pin} Qe7 (26... fxe6 27. Qxe8+) 27. Nxc5 (27. Nfxg5 $142 fxg5 28. e5) 27... Nxc5 {[#]} 28. e5 $1 fxe5 {Now ...Bf6 and Black clings on.} 29. Nxg5 Nd3 30. Bxd3 cxd3 31. Ne4 f6 32. b4 Bc4 {[#]} (32... Rd8 $142 33. Qg4 Bb7) 33. Nd6 $1 {[%mdl 576] Deflection} Qxd6 (33... Bf7 $142 34. Qxf7+ Qxf7) 34. Qxe8+ Qf8 35. Qxf8+ Kxf8 36. Re3 Ke7 37. Kf2 Bb3 38. Rexd3 {White wants to mate with Rd7+.} Bxa4 39. Ra1 b5 {[#]} 40. c4 $1 a6 {[#]} (40... bxc4 41. Rg3) 41. Rh3 {Played: Ra1xa4} 1-0

[Event "WJCC U20 Open 2019"]
[Site "New Delhi"]
[Date "2019.10.24"]
[Round "10.42"]
[White "Lama, Milan"]
[Black "Davis, Holden"]
[Result "0-1"]
[WhiteElo "1976"]
[BlackElo "1817"]
[Annotator "NA"]
[PlyCount "112"]
[EventDate "2019.10.15"]
[EventType "swiss"]
[EventCountry "IND"]
[SourceTitle "playchess.com"]
[Source "ChessBase"]
[SourceQuality "1"]
[TimeControl "40/5400+30:1800+30"]

1. e4 {[%emt 0:00:00]} e6 {[%emt 0:00:00]} 2. d4 {[%emt 0:00:00]} d5 {[%emt 0:00:00]} 3. exd5 {[%emt 0:00:00]} exd5 {[%emt 0:00:00]} 4. Bd3 {[%emt 0:00:05]} c5 {[%emt 0:00:36]} 5. c3 {[%emt 0:00:09]} Nc6 {[%emt 0:00:16]} 6. Ne2 {[%emt 0:01:25]} Nf6 {[%emt 0:00:23]} 7. O-O {[%emt 0:00:13] C01: French: Exchange Variation} cxd4 {[%emt 0:01:31]} (7... Be7 8. dxc5 Bxc5 9. Bg5 O-O 10. Bc2 Re8 11. Nd4 h6 12. Bh4 Bg4 13. f3 Bd7 14. Kh1 Rc8 15. Na3 Ne5 16. Bb3 Bxa3 17. Bxf6 Qxf6 18. bxa3 Rxc3 19. Bxd5 Rd3 20. Qc1 {0-1 (20) Hrdina,R (2268)-Pechac,J (2472) Prague 2019}) 8. Nxd4 {[%emt 0:00:25]} Nxd4 {[%emt 0:01:21]} 9. cxd4 {[%emt 0:00:06]} Be7 {[%emt 0:00:14]} 10. Nc3 {[%emt 0:00:33]} O-O {[%emt 0:00:59]} 11. Qb3 {[%emt 0:01:29]} Bd6 $146 {[%emt 0:07:36]} ({Predecessor:} 11... b6 12. Bf4 Bb7 13. Rac1 Ne4 14. Rfe1 Nxc3 15. Rxc3 {½-½ (47) Schaper,B (2129)-Mueller,H (2199) Germany 2011}) 12. h3 {[%emt 0:03:01]} h6 {[%emt 0:03:41]} 13. Be3 {[%emt 0:04:02]} Re8 {[%emt 0:01:59]} 14. Rac1 {[%emt 0:02:35]} Bb8 {[%emt 0:13:49]} 15. Ne2 {[%emt 0:09:43]} Nh5 {[%emt 0:05:48]} 16. Bb1 {[%emt 0:15:35]} Qd6 {[%emt 0:05:27]} 17. f4 {[%emt 0:00:49]} Nf6 {[%emt 0:04:08]} 18. Ng3 {[%emt 0:02:39]} Bc7 {[%emt 0:07:32]} 19. Rf3 {[%emt 0:14:14]} Bb6 $15 {[%emt 0:01:10]} 20. Nf5 {[%emt 0:16:38]} Bxf5 {[%emt 0:01:39]} 21. Bxf5 {[%emt 0:01:14]} Ne4 {[%emt 0:00:16]} 22. Qd1 {[%emt 0:05:29]} Rad8 {[%emt 0:04:16]} 23. g3 {[%emt 0:05:28]} g6 {[%emt 0:02:16]} 24. Bxe4 {[%emt 0:00:23]} dxe4 {[%emt 0:02:04]} 25. Rf2 {[%emt 0:00:20]} Bxd4 {[%emt 0:01:02]} 26. Bxd4 {[%emt 0:01:21]} Qxd4 {[%emt 0:01:02]} 27. Qxd4 {[%emt 0:00:07]} Rxd4 {[%emt 0:00:04]} 28. Rc7 {[%emt 0:00:06]} Rb4 {[%emt 0:05:23]} 29. Rd2 {[%emt 0:00:46]} e3 {[%emt 0:01:26]} 30. Re2 {[%emt 0:00:10]} Kg7 {[%emt 0:03:28]} 31. Kg2 {[%emt 0:00:33]} g5 {[%emt 0:10:02]} 32. fxg5 hxg5 {[%emt 0:00:06]} 33. b3 {[%emt 0:04:10]} Rb6 {[%emt 0:02:04]} 34. Rc3 {[%emt 0:03:16]} Ra6 {[%emt 0:00:28]} 35. Rc7 {[%emt 0:01:15]} Rb6 {[%emt 0:01:00]} 36. Rc3 {[%emt 0:02:53]} Rd6 {[%emt 0:00:17]} 37. Rc7 {[%emt 0:00:35]} Kg6 38. Rc3 {[%emt 0:02:05]} f5 {[%emt 0:11:09]} 39. Kf3 {[%emt 0:01:05]} Rh8 {[%emt 0:01:45]} 40. Rcxe3 {[%emt 0:03:31]} Rxh3 {[%emt 0:00:36]} 41. Re6+ {[%emt 0:31:02]} Rxe6 {[%emt 0:30:05]} 42. Rxe6+ {[%emt 0:00:04]} Kf7 {[%emt 0:00:06]} 43. Rd6 {[%emt 0:00:00]} f4 {[%emt 0:00:00]} 44. Rd7+ {[%emt 0:00:00]} Ke6 {[%emt 0:00:00]} 45. Rxb7 {[%emt 0:00:00]} Rxg3+ {[%emt 0:00:00]} 46. Kf2 {[%emt 0:00:00]} Rc3 {[%emt 0:00:00]} 47. Rb5 {[%emt 0:00:00]} Kf6 {[%emt 0:00:00]} 48. Ra5 {[%emt 0:00:00]} g4 {[%emt 0:00:00]} 49. Rxa7 {[%emt 0:00:00]} Rc2+ {[%emt 0:00:00]} 50. Kg1 {[%emt 0:00:00]} g3 {[%emt 0:00:00]} 51. Ra8 {[%emt 0:00:00]} Kf5 {[%emt 0:00:00]} 52. b4 {[%emt 0:00:00]} f3 {[%emt 0:00:00]} 53. Rf8+ {[%emt 0:00:00]} Ke4 {[%emt 0:00:00]} 54. Re8+ {[%emt 0:00:00]} Kd5 {[%emt 0:00:00]} 55. Rd8+ {[%emt 0:00:00]} Ke6 {[%emt 0:00:00]} 56. Rd1 {[%emt 0:00:00]} Rg2+ {[%emt 0:00:00]} 0-1

[Event "WJCC U20 Open 2019"]
[Site "New Delhi"]
[Date "2019.10.24"]
[Round "10.43"]
[White "Hamad Essam"]
[Black "Mohd Saprin, Amir Ghaazi"]
[Result "1-0"]
[WhiteElo "1849"]
[BlackElo "1942"]
[Annotator "NA RC"]
[PlyCount "63"]
[EventDate "2019.10.15"]
[EventType "swiss"]
[EventCountry "IND"]
[SourceTitle "playchess.com"]
[Source "ChessBase"]
[SourceQuality "1"]
[TimeControl "40/5400+30:1800+30"]

1. e4 {[%emt 0:00:00]} e5 {[%emt 0:00:31]} 2. Nf3 {[%emt 0:00:00]} Nc6 {[%emt 0:00:08]} 3. Bb5 {[%emt 0:00:00]} a6 {[%emt 0:00:04]} 4. Ba4 {[%emt 0:00:26]} Nf6 {[%emt 0:00:06]} 5. Qe2 {[%emt 0:00:29]} b5 {[%emt 0:00:06]} 6. Bb3 {[%emt 0:00:06]} Bc5 {[%emt 0:00:05]} 7. c3 {[%emt 0:01:37]} d6 {[%emt 0:00:31]} 8. d3 {[%emt 0:01:16]} h6 {[%emt 0:01:37]} 9. h3 {[%emt 0:02:20]} O-O {[%emt 0:02:42]} 10. g4 {[%emt 0:01:34]} Be6 {[%emt 0:27:58]} 11. g5 {[%emt 0:13:20]} Bxb3 {[%emt 0:02:39]} 12. gxf6 {[%emt 0:03:16]} Be6 {[%emt 0:01:08]} 13. fxg7 {[%emt 0:00:28]} Kxg7 {[%emt 0:00:19]} 14. Rg1+ {[%emt 0:01:47]} Kh7 {[%emt 0:00:59]} 15. Bxh6 {[%emt 0:06:12]} Kxh6 {[%emt 0:08:13]} 16. Qd2+ {[%emt 0:02:54]} Kh7 {[%emt 0:02:03]} 17. Ng5+ {[%emt 0:00:16]} Kh8 {[%emt 0:00:08]} 18. Qe2 {[%emt 0:01:24]} Bg4 {[%emt 0:27:37]} 19. Qxg4 {[%emt 0:04:11]} Bxf2+ {[%emt 0:00:10]} 20. Kxf2 {[%emt 0:00:04]} Qf6+ {[%emt 0:00:15]} 21. Nf3 {[%emt 0:01:40]} Qh6 {[%emt 0:00:52]} 22. Qh4 {[%emt 0:00:03]} Qxh4+ {[%emt 0:00:50]} 23. Nxh4 {[%emt 0:00:02]} Ne7 {[%emt 0:00:39]} 24. Nd2 {[%emt 0:00:22]} f5 {[%emt 0:01:10]} 25. exf5 {[%emt 0:00:14]} Rf7 {[%emt 0:02:11]} 26. Ke2 {[%emt 0:00:31]} Nxf5 {[%emt 0:00:52]} 27. Raf1 {[%emt 0:00:06]} Nh6 {[%emt 0:00:52]} 28. Rxf7 {[%emt 0:00:09]} Nxf7 {[%emt 0:00:04]} 29. Ne4 {[%emt 0:00:05]} Nd8 {[%emt 0:01:55]} 30. Rg6 {[%emt 0:00:22]} Nc6 {[%emt 0:00:31]} 31. Nf5 {[%emt 0:00:27]} Rf8 {[%emt 0:01:17]} 32. Nf6 {[%emt 0:00:12]} 1-0

[Event "WJCC U20 Open 2019"]
[Site "New Delhi"]
[Date "2019.10.24"]
[Round "10.44"]
[White "Swarnavo Choudhury"]
[Black "De Silva, L M S T"]
[Result "1/2-1/2"]
[WhiteElo "1797"]
[BlackElo "1879"]
[Annotator "NA RC"]
[PlyCount "59"]
[EventDate "2019.10.15"]
[EventType "swiss"]
[EventCountry "IND"]
[SourceTitle "playchess.com"]
[Source "ChessBase"]
[SourceQuality "1"]
[TimeControl "40/5400+30:1800+30"]

1. e4 {[%emt 0:00:00]} e5 {[%emt 0:00:00]} 2. Nf3 {[%emt 0:00:00]} Nc6 {[%emt 0:00:00]} 3. Bb5 {[%emt 0:00:00]} a6 {[%emt 0:00:00]} 4. Ba4 {[%emt 0:00:00]} Nf6 {[%emt 0:00:37]} 5. O-O {[%emt 0:00:40]} Be7 {[%emt 0:00:13]} 6. Re1 {[%emt 0:00:23]} b5 {[%emt 0:00:33]} 7. Bb3 {[%emt 0:00:08]} d6 {[%emt 0:00:23]} 8. c3 {[%emt 0:00:13]} O-O {[%emt 0:00:03]} 9. h3 {[%emt 0:01:17]} Na5 {[%emt 0:00:21]} 10. Bc2 {[%emt 0:03:38]} c5 {[%emt 0:00:30]} 11. d4 {[%emt 0:00:23]} Nd7 {[%emt 0:00:53]} 12. Nbd2 {[%emt 0:00:40]} exd4 {[%emt 0:03:57]} 13. cxd4 {[%emt 0:00:22]} Nc6 {[%emt 0:00:17]} 14. d5 {[%emt 0:01:16]} Nce5 {[%emt 0:00:07]} 15. Nxe5 {[%emt 0:02:42] C96: Closed Ruy Lopez: Chigorin Defence: 11 d4, replies other than 11...Qc7} (15. a4 Rb8 16. Nxe5 Nxe5 17. f4 Ng6 18. Nf3 Bh4 19. Rf1 Bg3 20. f5 Ne5 21. Ng5 h6 22. f6 gxf6 {0-1 (43) Firouzja,A (2682)-Martinez Alcantara,J (2583) chess.com INT 2019}) 15... Nxe5 {[%emt 0:00:12]} 16. f4 {[%emt 0:00:13]} Ng6 {[%emt 0:00:06]} 17. Nf3 {[%emt 0:00:52]} Bh4 {[%emt 0:00:07]} 18. Nxh4 {[%emt 0:03:14]} Qxh4 {[%emt 0:00:06]} 19. f5 {[%emt 0:00:59]} Ne5 {[%emt 0:02:08]} 20. Rf1 {[%emt 0:03:32]} Re8 {[%emt 0:08:23]} 21. Bf4 {[%emt 0:01:48]} a5 {[%emt 0:08:32]} 22. Qc1 $146 {[%emt 0:14:50]} ({Predecessor:} 22. Rf2 a4 {0-1 (40) Elman,C (2042)-Della Morte,G (2374) Buenos Aires 2018}) 22... h6 $11 {[%emt 0:03:18]} 23. Kh2 {[%emt 0:05:28]} Ba6 {[%emt 0:12:47]} 24. g3 {[%emt 0:05:02]} Qf6 {[%emt 0:21:18]} 25. g4 {[%emt 0:04:08]} Qh4 {[%emt 0:06:29]} 26. Bg3 {[%emt 0:02:10]} Qf6 {[%emt 0:00:52]} 27. Bf4 {[%emt 0:00:19]} Qh4 {[%emt 0:04:55]} 28. Bg3 {[%emt 0:00:05]} Qf6 {[%emt 0:00:12]} 29. Bf4 {[%emt 0:00:05]} Qh4 {[%emt 0:01:10]} 30. Bg3 {[%emt 0:00:14]} 1/2-1/2

[Event "WJCC U20 Open 2019"]
[Site "New Delhi"]
[Date "2019.10.24"]
[Round "10.45"]
[White "Sivathanujan, S."]
[Black "Dahanayake, Isara Banidu"]
[Result "1/2-1/2"]
[WhiteElo "1766"]
[BlackElo "1771"]
[Annotator "NA RC"]
[PlyCount "57"]
[EventDate "2019.10.15"]
[EventType "swiss"]
[EventCountry "IND"]
[SourceTitle "playchess.com"]
[Source "ChessBase"]
[SourceQuality "1"]
[TimeControl "40/5400+30:1800+30"]

1. e4 {[%emt 0:00:00]} c5 {[%emt 0:00:00]} 2. Nf3 {[%emt 0:00:00]} d6 {[%emt 0:00:00]} 3. c3 {[%emt 0:00:00]} Nf6 {[%emt 0:00:36]} 4. Bc4 {[%emt 0:00:01]} Nc6 {[%emt 0:00:30]} 5. d3 {[%emt 0:00:26]} g6 {[%emt 0:00:16]} 6. O-O {[%emt 0:01:21]} Bg7 {[%emt 0:00:42]} 7. Bb3 {[%emt 0:02:14]} O-O {[%emt 0:00:20]} 8. h3 {[%emt 0:00:16]} e5 {[%emt 0:01:32]} 9. a4 {[%emt 0:05:36]} h6 {[%emt 0:04:55]} 10. Nbd2 {[%emt 0:05:12]} d5 {[%emt 0:08:32]} 11. Re1 {[%emt 0:06:11]} b6 {[%emt 0:10:21]} 12. Nh2 {[%emt 0:17:55]} Be6 {[%emt 0:12:04]} 13. Ng4 {[%emt 0:05:11]} Nxg4 {[%emt 0:07:16]} 14. hxg4 {[%emt 0:00:07]} Qd7 {[%emt 0:02:19]} 15. f3 {[%emt 0:01:57]} Rad8 {[%emt 0:08:09]} 16. Qe2 {[%emt 0:02:02]} Kh7 {[%emt 0:14:25]} 17. Nf1 {[%emt 0:03:12]} f5 {[%emt 0:07:09]} 18. gxf5 {[%emt 0:00:33]} gxf5 {[%emt 0:00:19]} 19. exf5 {[%emt 0:00:44]} Bxf5 {[%emt 0:04:39]} 20. Ng3 {[%emt 0:00:48]} Bg6 {[%emt 0:01:23]} 21. Bc2 {[%emt 0:01:09]} Kh8 {[%emt 0:01:13]} 22. Kf2 {[%emt 0:00:37]} Qg4 {[%emt 0:09:20]} 23. Rh1 {[%emt 0:02:25]} Kh7 {[%emt 0:01:03]} 24. Bd2 {[%emt 0:01:11]} Rde8 {[%emt 0:01:05]} 25. Rh3 {[%emt 0:01:50]} e4 {[%emt 0:00:47]} 26. dxe4 {[%emt 0:25:51]} dxe4 {[%emt 0:00:28]} 27. Nxe4 {[%emt 0:07:35]} Bxe4 {[%emt 0:00:30]} 28. Kg1 {[%emt 0:00:08]} Bxc2 {[%emt 0:00:41]} 29. Qe4+ {[%emt 0:00:44] Re7 Qxe7 Qxh3 Qxf8 Qxg2+ Kxg2 Bxf8 Re1 Bxa4 Re8 Bg7 Rc8} 1/2-1/2

[Event "WJCC U20 Open 2019"]
[Site "New Delhi"]
[Date "2019.10.25"]
[Round "11.1"]
[White "Shtembuliak, Evgeny"]
[Black "Murzin, Volodar"]
[Result "1-0"]
[WhiteElo "2577"]
[BlackElo "2433"]
[Annotator "TA"]
[PlyCount "125"]
[EventDate "2019.10.15"]
[EventType "swiss"]
[EventCountry "IND"]
[SourceTitle "playchess.com"]
[Source "ChessBase"]
[SourceQuality "1"]

{[%evp 10,125,6,14,17,18,26,21,19,22,29,14,20,13,24,0,3,0,0,0,0,0,0,0,0,0,0,0,0,0,37,41,51,48,50,39,50,37,51,31,58,51,57,56,64,74,107,107,115,109,151,155,203,197,194,196,185,173,173,152,165,152,154,150,167,170,170,158,159,159,158,158,169,176,205,205,343,354,422,393,341,233,252,240,244,249,237,208,919,1004,962,820,1037,989,940,948,1275,1371,1108,814,849,765,698,347,1364,1274,1209,1159,29964,29968,29968,29969,29968,29969,12829,12831,1410,763]} 1. d4 d5 2. c4 e6 3. Nc3 c6 4. cxd5 exd5 5. Qc2 Nf6 6. Bg5 Nbd7 {D36: Queen's Gambit Declined: Exchange Variation: Main line (5 Bg5 c6 6 Qc2)} (6... Be7 7. e3 Nbd7 8. Bd3 Nh5 9. Bxe7 Qxe7 10. Nge2 g6 11. h3 Nb6 12. O-O-O Bd7 13. Kb1 O-O-O 14. Na4 Nxa4 15. Qxa4 Kb8 16. Rc1 Nf6 17. Nc3 h5 18. Ka1 h4 {½-½ (37) Gupta,A (2609)-Korobov,A (2679) Khanty-Mansiysk 2019}) 7. e3 h6 8. Bh4 g5 {The position is equal.} 9. Bg3 Nh5 10. Bd3 Nxg3 11. hxg3 Qe7 $146 ({Predecessor:} 11... Bg7 12. Nf3 Nb6 13. O-O Be6 14. Rfe1 {0-1 (50) Kozak,A (2347)-Erdos,V (2577) Zalakaros 2016}) 12. O-O-O Nb6 13. e4 dxe4 14. Bxe4 Bg7 15. Nf3 Be6 16. Rhe1 g4 17. Ne5 O-O-O (17... f5 $2 18. Bxc6+ $1 {[%mdl 512]} bxc6 19. Ng6 $16) 18. Nxf7 Qxf7 19. Bg6 Qc7 {aiming for ...Bc4.} 20. Rxe6 Bxd4 21. Bf5 Kb8 22. Bxg4 Qg7 23. Bf3 $36 {[%mdl 2048] White has the initiative.} Rd7 24. Ne4 Rhd8 25. Kb1 $1 Nd5 {White must now prevent ...Nc7.} 26. Nc5 {Rg6 is the strong threat.} Bxc5 27. Qxc5 Qh7+ {[#]} 28. Kc1 $1 ({Reject} 28. Ka1 $6 Nb4 $11) 28... Nc7 {[#]} 29. Ree1 $1 ({Don't blunder} 29. Red6 $2 Qe7 $19) 29... Nb5 30. Qe5+ Ka8 31. Bg4 Rxd1+ 32. Rxd1 {[%cal Rd1d8]} Qg8 33. Rxd8+ Qxd8 34. Bh5 Nd6 35. Bg6 a6 36. f4 Ka7 37. Bd3 Ne8 38. Qe3+ Ka8 39. Be2 Nf6 40. a3 Nd5 41. Qd4 Qe8 42. Kd2 h5 (42... Qe7 $142 43. Bf3 Nf6) 43. Bf3 $18 Qg6 44. Bxd5 cxd5 45. Qxd5 Qxg3 {[%mdl 4096] Endgame KQ-KQ} 46. f5 ({Less strong is} 46. Qxh5 Qxf4+ 47. Kd3 Qd6+ 48. Ke4 Qe6+ 49. Kf4 Qf6+ 50. Qf5 Qxb2 $14) 46... h4 47. Ke2 Qf4 48. b4 h3 $2 (48... Kb8 49. Qf3 Qc4+ 50. Qd3 Qg4+ 51. Qf3 Qc4+ 52. Kf2 Kc7) 49. gxh3 Qh2+ 50. Ke3 Qxh3+ 51. Ke4 Qh4+ 52. Ke5 Qe7+ 53. Qe6 Qc7+ 54. Kd5 Qd8+ 55. Qd6 Qg8+ 56. Kc5 (56. Kd4 $142 Qg1+ 57. Ke4 Qg2+ 58. Ke5) 56... Qg1+ $2 (56... Qg5 57. Kb6 Qe3+ 58. Kc7 Qc3+ 59. Kb6 Qe3+ 60. Kc7 Qc3+ 61. Kd7 Qh3) 57. Qd4 Qc1+ 58. Kd6 Qc6+ 59. Ke7 Qc7+ 60. Ke8 Qc6+ 61. Qd7 Qe4+ 62. Qe6 Qg4 63. Kf8 {Accuracy: White = 78%, Black = 47%.} 1-0

[Event "WJCC U20 Open 2019"]
[Site "New Delhi"]
[Date "2019.10.25"]
[Round "11.2"]
[White "Santos Ruiz, Miguel"]
[Black "Sargsyan, Shant"]
[Result "0-1"]
[WhiteElo "2560"]
[BlackElo "2580"]
[Annotator "TA"]
[PlyCount "48"]
[EventDate "2019.10.15"]
[EventType "swiss"]
[EventCountry "IND"]
[SourceTitle "playchess.com"]
[Source "ChessBase"]
[SourceQuality "1"]

{[%evp 9,188,21,52,20,57,12,14,15,16,25,45,31,54,50,32,29,41,20,17,20,31,42,36,-66,-52,-145,-131,-141,-141,-129,-133,-139,-123,-123,-125,-130,-135,-134,-126,-286,-210,-210,-200,-217,-219,-219,-218,-216,-219,-219,-216,-218,-218,-218,-214,-299,-257,-301,-207,-212,-216,-223,-206,-218,-206,-209,-212,-217,-202,-241,-241,-236,-227,-206,-218,-302,-304,-357,-352,-329,-256,-259,-259,-256,-243,-249,-249,-268,-257,-374,-363,-387,-360,-504,-496,-498,-497,-506,-493,-533,-462,-1365,-1206,-1703,-1665,-1525,-1425,-1362,-1233,-1331,-1109,-1205,-1132,-4841,-4198,-3801,-1951,-29950,-29955,-29961,-29964,-29961,-29965,-29963,-29965,-29965,-29966,-29963,-29967,-29966,-29967,-29968,-29968,-29968,-29969,-29969,-29970,-29978,-29979,-29978,-29979,-29980,-29981,-29981,-29967,-29968,-29968,-29969,-29969,-29969,-29971,-29971,-29972,-29971,-29972,-29972,-29973,-29973,-29974,-29974,-29976,-29976,-29977,-29977,-29978,-29978,-29979,-29980,-29980,-29979,-29980,-29980,-29981,-29984,-29985,-29985,-29986,-29986,-29987,-29987,-29982]} 1. e4 c5 2. Nf3 d6 3. d4 cxd4 4. Nxd4 Nf6 5. Nc3 Bd7 6. g3 {B56: Classical Sicilian: Unusual Lines} (6. Bg5 e6 7. Ndb5 Bxb5 8. Bxb5+ Nc6 9. Qf3 Be7 10. e5 Nd5 11. Bxc6+ bxc6 12. Bxe7 Qxe7 13. Qg3 dxe5 14. Qxg7 Qf6 15. Qxf6 Nxf6 16. O-O-O Rg8 17. g3 Rd8 18. Rhe1 Rg5 19. Rxd8+ Kxd8 {½-½ (58) Vitiugov,N (2732)-Yu,Y (2763) Khanty-Mansiysk 2019}) 6... e5 7. Nde2 Bc6 8. Bg2 {The position is equal.} Nbd7 9. Nd5 $146 ({Predecessor:} 9. O-O Be7 10. Nd5 Nxd5 11. exd5 Bb5 12. b3 Bxe2 13. Qxe2 O-O {½-½ (25) Vajda,S (2375)-Majdan,J (2361) Paks 2009}) 9... Be7 10. Nec3 Rc8 11. O-O O-O 12. b3 b5 13. Nxe7+ Qxe7 14. Qe2 Nc5 15. Rd1 Rfd8 16. Bb2 ({White should try} 16. b4 $14 Ne6 17. Nd5 Bxd5 18. exd5) 16... Qb7 $1 $15 {[%cal Rc5e4]} 17. Rd2 (17. f3 $15) 17... Ncxe4 $17 ({Worse is} 17... Bxe4 18. Nxe4 Ncxe4 19. Rad1 $16) 18. Nxe4 Nxe4 19. Bxe4 Bxe4 20. Rad1 Re8 21. Re1 Bf3 22. Qd3 Re6 23. Re3 e4 24. Qd4 $2 (24. Qd5 $17 Qxd5 25. Rxd5) 24... f5 {Played: Re6-g6} 0-1

[Event "WJCC U20 Open 2019"]
[Site "New Delhi"]
[Date "2019.10.25"]
[Round "11.3"]
[White "Aravindh, Chithambaram VR."]
[Black "Hakobyan, Aram"]
[Result "1/2-1/2"]
[WhiteElo "2609"]
[BlackElo "2561"]
[Annotator "TA"]
[PlyCount "128"]
[EventDate "2019.10.15"]
[EventType "swiss"]
[EventCountry "IND"]
[SourceTitle "playchess.com"]
[Source "ChessBase"]
[SourceQuality "1"]

{[%evp 9,128,8,6,2,14,10,14,3,51,33,44,34,44,23,31,21,23,4,4,5,8,8,10,0,2,2,8,0,0,0,0,0,0,0,0,0,0,4,5,5,7,12,20,0,2,4,16,16,16,16,23,16,16,16,16,16,16,16,16,16,16,16,16,16,16,16,16,16,16,16,16,16,16,16,16,0,16,16,16,16,16,16,16,16,16,16,16,16,16,16,16,16,16,0,23,0,0,0,0,0,0,0,0,0,0,0,0,0,0,0,0,-8,-8,-8,-8,-8,-8,-8,-8,-8,-8]} 1. d4 Nf6 2. c4 e6 3. Nc3 Bb4 4. Qc2 d5 5. cxd5 exd5 6. Bf4 {E35: Nimzo-Indian: Classical: 4...d5 5 cxd5 exd5} (6. Bg5 h6 7. Bxf6 Qxf6 8. a3 {½-½ (8) Vitiugov,N (2719)-Giri,A (2783) St Petersburg 2018}) 6... c5 7. dxc5 Qa5 8. e3 Nbd7 $146 {[%cal Bb8d7,Bd7c5,Bc5e4][%mdl 32]} ({Predecessor:} 8... Nc6 9. Nge2 Bxc5 10. Rd1 O-O 11. a3 Re8 12. Qa4 Qb6 13. Nb5 a6 14. Nc7 Qxb2 15. Rd2 Qa1+ 16. Rd1 Qb2 17. Rd2 Qa1+ 18. Rd1 {½-½ (18) Shomoev,A (2557)-Khairullin,I (2640) Moscow 2011}) 9. Nge2 Nxc5 10. a3 Nce4 11. Rc1 Bxc3+ 12. Nxc3 {Threatening Bb5+.} O-O 13. Bd3 Nxc3 14. Qxc3 Qxc3+ 15. Rxc3 d4 16. Rc4 dxe3 17. Bxe3 Be6 18. Rh4 h6 19. f3 Rfd8 20. Ke2 Nd5 21. Rc1 Nxe3 22. Kxe3 Rd7 23. Rd4 Re7 24. Kf2 Kf8 25. Bb5 a6 26. Ba4 b5 27. Bd1 Rd7 (27... Ree8 {with more complications.} 28. Rc6 Rec8 29. Rdd6 a5 30. Be2 Rab8) 28. Rxd7 Bxd7 $11 {[%mdl 4096] Endgame KRB-KRB} 29. Rc7 Ke7 30. f4 Kd8 31. Rc5 Rc8 32. Rxc8+ Bxc8 {KB-KB} 33. Ke3 Kc7 34. Kd4 Kd6 35. b4 Bd7 36. Bf3 Bc8 37. h4 f6 38. Be4 Bd7 39. Bg6 Bc8 40. Bc2 Bd7 41. Bb1 Be6 42. Be4 Bd7 43. g3 Bc8 44. Bd5 Bd7 45. Bg8 Bf5 46. Bb3 Bc8 47. Ke4 Bd7 48. Bg8 Bc8 49. Bh7 Bd7 50. Bf5 {[#] And now Bxd7 would win.} Be6 51. g4 Bf7 52. Kd4 g5 {The position is equal.} 53. fxg5 fxg5 54. hxg5 hxg5 55. Bc8 Be8 $1 56. Ke4 {Black must now prevent Kf5.} Bg6+ 57. Ke3 Be8 58. Kd4 Bc6 59. Bxa6 Bd7 60. Ke4 Kc6 61. Ke5 Kb6 62. Bxb5 Kxb5 {[#]} 63. a4+ $1 {[%mdl 512]} Kxb4 (63... Kxa4 64. Kf6) 64. Kf6 Kxa4 {Accuracy: White = 78%, Black = 84%.} 1/2-1/2